[Event "DEN-ch Kort 2 A"]
[Site "Skorping"]
[Date "2014.04.19"]
[Round "5"]
[White "Andersen, Torben Bodskov"]
[Black "Ekholm, Lars"]
[Result "0-1"]
[WhiteElo "2003"]
[BlackElo "1939"]
[PlyCount "116"]
[EventDate "2014.04.17"]
[EventType "swiss"]
[EventRounds "5"]
[EventCountry "DEN"]
[SourceTitle "EXT 2023"]
[Source "ChessBase"]
[SourceDate "2022.10.05"]
[SourceVersion "1"]
[SourceVersionDate "2022.10.05"]
[SourceQuality "1"]

1. e4 e6 2. d4 d5 3. Nd2 Nf6 4. e5 Nfd7 5. f4 c5 6. c3 Nc6 7. Ndf3 Qb6 8. Ne2 cxd4 9. cxd4 Be7 10. Nc3 a6 11. Na4 Bb4+ 12. Bd2 Qa5 13. Nc3 Qb6 14. a3 Be7 15. Na4 Qa7 16. Be3 b5 17. Nc3 f6 18. exf6 Nxf6 19. b4 0-0 20. Be2 Bd7 21. Ne5 Rac8 22. Qd3 Bd6 23. 0-0 Ne7 24. Rac1 Be8 25. Nxd5 exd5 26. Rxc8 Nxc8 27. Bf3 Ne7 28. g4 Qb7 29. g5 Ne4 30. Qb3 Kh8 31. Bg4 Bxe5 32. dxe5 Nf5 33. Bc1 Qc6 34. Rd1 Ne7 35. Be3 Bd7 36. Rc1 Qxc1+ 37. Bxc1 Bxg4 38. Be3 Rc8 39. Bd4 Be6 40. Qd1 Nf5 41. Bb2 Kg8 42. Qd3 Ne7 43. h4 Bf5 44. Qd1 Nc3 45. Qd2 d4 46. Kf1 Rc4 47. h5 Ned5 48. h6 g6 49. Bxc3 Nxc3 50. Qg2 Ne4 51. Qb2 Kf8 52. a4 Ng3+ 53. Ke1 Rc3 54. axb5 Re3+ 55. Kf2 Re2+ 56. Qxe2 Nxe2 57. bxa6 Nc3 58. Ke1 Nb5 0-1

[Event "DEN-ch Kort 2 A"]
[Site "Skorping"]
[Date "2014.04.17"]
[Round "1"]
[White "Nielsen, Per"]
[Black "Ekholm, Lars"]
[Result "1/2-1/2"]
[WhiteElo "1795"]
[BlackElo "1939"]
[PlyCount "218"]
[EventDate "2014.04.17"]
[EventType "swiss"]
[EventRounds "5"]
[EventCountry "DEN"]
[SourceTitle "EXT 2023"]
[Source "ChessBase"]
[SourceDate "2022.10.05"]
[SourceVersion "1"]
[SourceVersionDate "2022.10.05"]
[SourceQuality "1"]

1. d4 d5 2. c4 e6 3. cxd5 exd5 4. Nc3 Nf6 5. Bg5 Be7 6. e3 c6 7. Bd3 0-0 8. Qc2 Nbd7 9. Nf3 Re8 10. 0-0 g6 11. Rab1 Nb6 12. b4 a6 13. a4 Be6 14. b5 cxb5 15. axb5 a5 16. Ne2 Nh5 17. Bh6 Qd6 18. Ne5 Rec8 19. Qb2 f6 20. Nf3 Qa3 21. Qxa3 Bxa3 22. Ra1 Bd6 23. Rfc1 a4 24. e4 g5 25. e5 Rxc1+ 26. Nxc1 fxe5 27. Nxe5 Bxe5 28. dxe5 g4 29. f4 gxf3 30. gxf3 Ng7 31. Kf2 Nf5 32. Bxf5 Bxf5 33. Ne2 a3 34. Nd4 Bg6 35. f4 Kf7 36. f5 Bh5 37. Nc2 Nc4 38. Bf4 Bg4 39. Nd4 a2 40. f6 h5 41. Nb3 Ra3 42. h3 Rxb3 43. hxg4 hxg4 44. Kg2 Ra3 45. Bc1 Ra8 46. Bf4 d4 47. Kg3 d3 48. Kxg4 d2 49. Bxd2 Nxd2 50. Kf5 Nb3 51. e6+ Kf8 52. Rh1 Nd4+ 53. Ke4 Nxe6 54. Rh8+ Kf7 55. Rxa8 Nc5+ 56. Ke3 Na6 57. bxa6 a1Q 58. axb7 Qe5+ 59. Kd3 Qd5+ 60. Kc3 Qxb7 61. Ra4 Kxf6 62. Rd4 Ke5 63. Rc4 Qb6 64. Kd3 Qb3+ 65. Rc3 Qb5+ 66. Ke3 Qb4 67. Kd3 Kd5 68. Kc2 Kd4 69. Rd3+ Ke4 70. Rc3 Qa4+ 71. Kb2 Qa5 72. Kc2 Qa2+ 73. Kd1 Kd4 74. Rc2 Qb1+ 75. Kd2 Qb4+ 76. Ke2 Qb3 77. Rd2+ Ke4 78. Ke1 Qg3+ 79. Kd1 Qb3+ 80. Ke1 Ke3 81. Re2+ Kf3 82. Rf2+ Kg3 83. Rd2 Qe3+ 84. Kd1 Kf3 85. Kc2 Qc5+ 86. Kd3 Qb5+ 87. Kd4 Qb4+ 88. Kd3 Qe4+ 89. Kc3 Ke3 90. Rd1 Qc6+ 91. Kb3 Qb6+ 92. Kc3 Qa5+ 93. Kb3 Ke2 94. Rd4 Qb5+ 95. Kc3 Qe5 96. Kc4 Qa5 97. Re4+ Kf3 98. Rd4 Ke3 99. Rd3+ Ke4 100. Rd4+ Ke5 101. Rd3 Qa4+ 102. Kc3 Qc6+ 103. Kd2 Qc5 104. Re3+ Kf4 105. Rd3 Ke4 106. Rc3 Qb4 107. Kc2 Kd4 108. Rd3+ Kc4 109. Re3 Qa4+ 1/2-1/2